| 000 | 00742nam a2200241 4500 | ||
|---|---|---|---|
| 003 | OSt | ||
| 005 | 20240625065219.0 | ||
| 006 | a | ||
| 008 | 240625b |||||||| |||| 00| 0 eng d | ||
| 020 | _a9780071289528 | ||
| 040 |
_aDWCL-Main lib. _cOC |
||
| 082 |
_2Sixth edition _aCirc. 303.34 P616l 2011 |
||
| 100 | _aPierce, Jon L. | ||
| 245 | _aLeaders & the leadership process / | ||
| 250 | _aSixth edition | ||
| 260 |
_aN.Y. : _bMcGraw-Hill, _cc2011. |
||
| 300 |
_axlvi, _b530 p. : ill. ; _c28 cm. |
||
| 504 | _aIncludes bibliographical references & index. | ||
| 650 | _a1. Leadership. | ||
| 650 | _a2. Leadership-Case studies. | ||
| 650 | _a3. Leadership-Problems, exercises, etc. | ||
| 942 |
_2ddc _n0 _cBK-CIRC _eSixth edition _kCirc. |
||
| 999 |
_c1327 _d1327 |
||